Breves recuerdos : (Registro nro. 13945)

Detalles MARC
000 -LIDER
fixed length control field 01104nam a2200289 a 4500
001 - NÚMERO DE CONTROL
Identificador de número de control
003 - IDENTIFICACDOR DE NÚMERO DE CONTROL
control field DO-SdBNP
005 - DATE AND TIME OF LATEST TRANSACTION
control field 20220628105202.0
008 - ELEMENTOS DE LONGITUD FIJA
fixed length control field 150324s2012 dr a 000 0 spa d
040 ## - FUENTE DE CATALOGACIÓN
Agencia que crea de manera original el registro DO-SdBNP
Idioma de catalogación spa
Agencia que realiza la transcripción BPMSU
082 ## - NÚMERO DE CLASIFICACIÓN DECIMAL DE DEWEY
Classification number 923.5
Item number C397v 2012
Edition number 22
100 1# - ASIENTO PRINCIPAL -- NOMBRE PERSONAL
Nombre personal Centeno, Francisco Javier
245 10 - MENCIÓN DE TITULO
Título Breves recuerdos :
Subtítulo vivencias, a 20 años de la rebelión cívico-militar del 04 de febrero de 1992... no debemos olvidar /
Mención de responsabilidad Francisco Javier Centeno; prólogo Alfredo Murga Rivas.
246 12 - VARIACION DEL TÍTULO
Título propiamente dicho o título corto Vivencias, a 20 años de la rebelión cívico-militar del 04 de febrero de 1992
260 ## - PUBLICACIÓN, DISTRIBUCIÓN, ETC. (PIE DE IMPRENTA)
Lugar de publicación, distribución, etc Santo Domingo :
Nombre del editor, distribuidor, etc. Impresora Dottel,
Fecha de publicación, distribución, etc 2012
300 ## - DESCRIPCIÓN FÍSICA
Extensión 315 p. :
Otros detalles físicos il. ;
Dimensiones 22 cm.
500 ## - NOTA GENERAL
Materiales especificados Contiene artículos periodísticos
Institución que aplica el campo Contienes cartas manuscritas
600 14 - ENCABEZAMIENTO DE MATERIA--NOMBRE PERSONAL
Nombre personal Centeno, Francisco Javier
Subdivisión de forma Biografías
Fechas asociadas con el nombre
600 14 - ENCABEZAMIENTO DE MATERIA--NOMBRE PERSONAL
Nombre personal Chávez, Hugo,
Fechas asociadas con el nombre 1954-2013
650 #4 - ENCABEZAMIENTO DE MATERIA--TEMÁTICO
Término temático o nombre geográfico como elemento de entrada Militares
Subdivisión geográfica Venezuela
650 #4 - ENCABEZAMIENTO DE MATERIA--TEMÁTICO
Término temático o nombre geográfico como elemento de entrada Rebelión militar.
650 #4 - ENCABEZAMIENTO DE MATERIA--TEMÁTICO
Término temático o nombre geográfico como elemento de entrada
651 #4 - ENCABEZAMIENTO DE MATERIA--NOMBRE GEOGRÁFICO
Nombre geográfico Venezuela
Subdivisión temática general Política y gobierno.
700 1# - ASIENTO SECUNDARIO -- NOMBRE PERSONAL
Nombre personal Murga Rivas, Alfredo
Mención de responsabilidad prol.
910 ## - VALIDACIÓN
Validación VMateo V.
942 ## - ADDED ENTRY ELEMENTS (KOHA)
Source of classification or shelving scheme Dewey Decimal Classification
Koha item type Libros
Existencias
Withdrawn status Lost status Source of classification or shelving scheme Damaged status Not for loan Collection code Home library Current library Date acquired Source of acquisition Full call number Barcode Date last seen Price effective from Koha item type
    Dewey Decimal Classification     Colección Dominicana Biblioteca Pública Metropolitana Salomé Ureña Biblioteca Pública Metropolitana Salomé Ureña 01/17/2022 Fundacón Juan Bosch BPMSU CD 923.5 C397v 2012 BPMSU22010025 01/17/2022 01/17/2022 Libros